000 00419nam a22001457a 4500
003 OSt
005 20211112152805.0
008 211112b |||||||| |||| 00| 0 eng d
040 _cHawassa University
050 _a641.3/FOO
_b1
082 _a641.3/FOO
_b1
245 _aFood,Nutrition and Agriculture Alimentation,Nutrition et Agriculture Alimentacion,Nutrition y Agricultura
260 _c2002
942 _2ddc
_cBOOKS
_n0
999 _c18016
_d18016